000 00622nam a2200229Ia 4500
003 OSt
005 20220928104209.0
006 a|||||r|||| 00| 0
007 ta
008 220927b |||||||| |||| 00| 0 eng d
024 _a55415
037 _cTextual
040 _aSDCL
_cSDCL
_beng
041 _2eng
_aeng
082 _aY130j2, M3
100 _aBrubaker Timothy H Ed.
_9409564
245 0 _aFamily relationships in later life
260 _aBeverly
_bHills Sage Publications
_c1983
300 _a272p
_ccm.
942 _hY130j2, M3
_cTEXL
_2CC
999 _c725129
_d725129